000 00652nam a2200181Ia 4500
005 20260429112312.0
008 260429s9999||||xx |||||||||||||| ||und||
020 _a9788119497119
041 _aHindi
082 _a891.21
_bLAL
100 _aलाल, मोहन
245 0 _aआधुनिक एवं प्राचीन संस्कृत काव्य मीमांसा :
_bभाग-1 /
_cमोहन लाल
250 _a1st ed.
260 _aजयपुर :
_bपैराडाइज़ पब्लिशर्स,
_c2025.
300 _a178 p.; Hb
650 _aसंस्कृत कविता
942 _cTB
999 _c53385
_d53385